书目信息 |
| 题名: |
医学伦理学
|
|
| 作者: | 车龙浩 主编 | |
| 分册: | ||
| 出版信息: | 北京 高等教育出版社 2005 |
|
| 页数: | 126页 | |
| 开本: | 26cm | |
| 丛书名: | ||
| 单 册: | ||
| 中图分类: | R-052 | |
| 科图分类: | ||
| 主题词: | 医学伦理学--专业学校--教材 | |
| 电子资源: | ||
| ISBN: | 7-04-017367-0 | |
| 000 | 00889nam0 2200253 450- | |
| 001 | 0101176498 | |
| 005 | 20051031164157.0 | |
| 010 | @a7-04-017367-0@dCNY11.10 | |
| 011 | @a7-04-017367-0 | |
| 100 | @a20050317d2005 em y0chiy0120 ea | |
| 101 | 0 | @achi |
| 102 | @aCN@b110000 | |
| 105 | @ay zn 000yy | |
| 106 | @ar | |
| 200 | 1 | @a医学伦理学@9Yi Xue Lun Li Xue @f车龙浩主编@b专著 |
| 210 | @a北京@c高等教育出版社@d2005 | |
| 215 | @a126页@d26cm | |
| 300 | @a教育部职业教育与成人教育司推荐教材 卫生职业学校教学改革实验用书(护理、药学和医学相关类专业用) | |
| 330 | @a本书分医学伦理学的发展、医学伦理学的理论基础、性伦理等14章,系统阐述了医学伦理学的基本知识、基本理论、基本实践及医学伦理学的若干前瞻性问题。 | |
| 606 | 0 | @a医学伦理学@x专业学校@j教材 |
| 690 | @aR-052@v4 | |
| 701 | 0 | @a车龙浩@4主编@9che long hao |
| 801 | 0 | @aCN@bAZmarc@c20230901 |
| 905 | @aBZT@dR-05@e20@f4@sR-05/20 | |
| 医学伦理学/车龙浩主编.-北京:高等教育出版社,2005 |
| 126页;26cm |
| 教育部职业教育与成人教育司推荐教材 卫生职业学校教学改革实验用书(护理、药学和医学相关类专业用) |
| ISBN 7-04-017367-0:CNY11.10 |
| 本书分医学伦理学的发展、医学伦理学的理论基础、性伦理等14章,系统阐述了医学伦理学的基本知识、基本理论、基本实践及医学伦理学的若干前瞻性问题。 |
| ● |
| 相关链接 |
|
|
|
正题名:医学伦理学
索取号:R-05/20
 
预约/预借
| 序号 | 登录号 | 条形码 | 馆藏地/架位号 | 状态 | 备注 |
| 1 | 2000007832 | 2000007832 | 旧书回溯/ [索取号:R-05/20] | 在馆 | |
| 2 | 2000007846 | 2000007846 | 旧书回溯/ [索取号:R-05/20] | 在馆 | |
| 3 | 2000019526 | 2000019526 | 旧书回溯/ [索取号:R-05/20] | 在馆 | |
| 4 | 2000019527 | 2000019527 | 旧书回溯/ [索取号:R-05/20] | 在馆 |